000 00310nam a22001457a 4500
008 210607b ||||| |||| 00| 0 eng d
020 _a0205449131
041 _aeng
080 _27th
_a37
082 _a37
100 _a46
101 _aEDU
245 _aChild Development
_cLaura E. Berk
942 _2udc
_cBK
999 _c58045
_d58045